000 00542nam a22001937a 4500
003 OSt
005 20160920143140.0
008 160920b xxu||||| |||| 00| 0 eng d
020 _a0935702997
040 _cDDC
082 _a541 MCR 1997
100 _aMcQuarrie, Donald A.; Simon, John D.
_911078
245 _aPhysical Chemistry: a molecular approach
260 _aCalifornia; University Boks, 1997
300 _axiii,1360p; ill: 25cm
504 _aAnswers, & index included
650 _aPhysical chemistry
_91450
942 _2z
_cO_SHELF
999 _c5257
_d5257